Top 100 najpopularniejszych utworów na Spotify - Statystyki

Ogólne statystyki
  • Ten quiz został rozwiązany 63 razy
  • Średni wynik to 15 z 100
Statystyki odpowiedzi
# Tytuł Gatunek Data wydania Ilość streamów % Poprawnych
1. The Weeknd - Blinding Lights Synthpop + Synthwave 29-11-2019 4,565,740,000
71%
2. Ed Sheeran - Shape of You Dancepop 06-01-2017 4,100,860,000
49%
6. The Weeknd - Starboy (feat. Daft Punk) Electropop + Alternative R&B 21-09-2016 3,586,020,000
42%
75. Travis Scott - SICKO MODE (feat. Drake) Southern Hip Hop 21-08-2018 2,246,210,000
38%
12. Ed Sheeran - Perfect Pop + Adult Contemporary 26-09-2017 3,175,010,000
35%
35. Travis Scott - goosebumps Trap 13-12-2016 2,616,280,000
35%
7. Drake - One Dance Afrobeats 05-04-2016 3,419,860,000
33%
52. Eminem - Without Me Pop Rap 13-05-2002 2,390,370,000
33%
91. Halsey - Without Me Contemporary R&B + Electropop 04-10-2018 2,134,650,000
33%
29. Drake - God's Plan Pop Rap 19-01-2018 2,642,840,000
29%
27. Juice WRLD - Lucid Dreams Emo Rap 04-05-2018 2,679,790,000
29%
50. Kendrick Lamar - HUMBLE. West Coast Hip Hop 30-03-2017 2,399,180,000
29%
86. The Weeknd - Save Your Tears Synthpop 09-08-2020 2,170,180,000
29%
33. Billie Eilish - bad guy Alt-Pop + Dancepop 29-03-2019 2,621,330,000
27%
15. Post Malone - rockstar (feat. 21 Savage) Trap + Cloud Rap 15-09-2017 3,067,120,000
27%
57. Eminem - Lose Yourself Hardcore Hip Hop + Consious Hip Hop 28-10-2002 2,370,810,000
24%
10. Imagine Dragons - Believer Pop Rock 01-02-2017 3,218,530,000
24%
31. Queen - Bohemian Rhapsody Progressive Rock 31-12-1975 2,634,410,000
24%
9. The Kid Laroi - STAY (feat. Justin Bieber) Synthpop 09-07-2021 3,351,360,000
24%
46. The Weeknd - The Hills Alternative R&B + Trap 27-05-2015 2,475,480,000
24%
4. Harry Styles - As It Was Synthpop 01-04-2022 3,636,330,000
22%
40. Imagine Dragons - Thunder Electropop 27-04-2017 2,556,630,000
22%
74. Justin Bieber - Sorry Dancehall Pop 22-10-2015 2,247,380,000
22%
5. Post Malone & Swae Lee - Sunflower Alternative R&B 18-10-2018 3,599,250,000
22%
39. Justin Bieber - Love Yourself Pop Soul 07-12-2015 2,586,990,000
20%
65. Miley Cyrus - Flowers Dancepop + Nu-Disco 12-01-2023 2,298,320,000
20%
13. Tones And I - Dance Monkey Electropop 10-05-2019 3,171,470,000
20%
81. Dua Lipa - Levitating (feat. DaBaby) Nu-Disco 01-10-2020 2,194,860,000
18%
78. Dua Lipa - New Rules Dancepop + Electropop 07-07-2017 2,208,400,000
18%
28. Post Malone - Circles Alt-Pop + Soft Rock 30-08-2019 2,649,710,000
18%
37. Taylor Swift - Cruel Summer Synthpop 23-08-2019 / 13-06-2023 2,606,920,000
18%
8. The Neighbourhood - Sweater Weather Indie Rock 03-12-2012 3,352,800,000
18%
66. XXXTENTACION - SAD! Alternative R&B + Emo Rap 02-03-2018 2,297,140,000
18%
54. Ariana Grande - 7 Rings Pop Rap 18-01-2019 2,389,610,000
16%
44. Avicii - Wake Me Up Festival Progressive House 17-06-2013 2,506,370,000
16%
14. Billie Eilish - lovely (feat. Khalid) Chamber Pop 20-04-2018 3,069,060,000
16%
88. Camila Cabello - Havana Latin Pop + Contemporary R&B 03-08-2017 2,168,390,000
16%
30. Coldplay - Yellow Post-Britpop 26-06-2000 2,639,320,000
16%
18. Harry Styles - Watermelon Sugar Pop Rock + Pop Soul 18-05-2020 2,879,850,000
16%
25. OneRepublic - Counting Stars Pop Rock 14-06-2013 2,700,140,000
16%
43. The Weeknd - Die For You Contemporary R&B 19-09-2017 2,520,610,000
16%
100. Alan Walker - Faded Norwegian House 03-12-2015 2,062,240,000
15%
61. Calvin Harris & Dua Lipa - One Kiss Garage House + Dancepop 06-04-2018 2,319,680,000
15%
93. Mark Ronson - Uptown Funk (feat. Bruno Mars) Synth-Funk + Dancepop 10-11-2014 2,125,140,000
15%
92. Maroon 5 - Memories Pop Reggae 20-09-2019 2,130,190,000
15%
79. Nirvana - Smells Like Teen Spirit Grunge 10-09-1991 2,197,000,000
15%
82. SZA - Kill Bill Alt-Pop 10-01-2023 2,194,710,000
15%
36. Arctic Monkeys - I Wanna Be Yours Indie Rock 09-09-2013 2,614,630,000
13%
49. J. Cole - No Role Modelz Consious Hip Hop 04-08-2015 2,408,970,000
13%
73. Lil Uzi Vert - XO TOUR Llif3 Emo Rap 24-03-2017 2,248,050,000
13%
63. Linkin Park - In the End Nu-Metal 09-10-2001 2,307,050,000
13%
20. Shawn Mendes & Camila Cabello - Señorita Latin Pop + Contemporary R&B 21-06-2019 2,868,810,000
13%
56. Bruno Mars - Just the Way You Are Adult Contemporary 20-07-2010 2,371,730,000
11%
80. Elton John & Dua Lipa - Cold Heart (PNAU Remix) Dancepop + Nu-Disco 13-08-2021 2,196,450,000
11%
11. Glass Animals - Heat Waves Alt-Pop + Trap 29-06-2020 3,195,900,000
11%
45. Imagine Dragons - Demons Pop Rock 28-01-2013 2,486,520,000
11%
59. Olivia Rodrigo - drivers license Bedroom Pop + Singer-Songwriter 08-01-2021 2,329,250,000
11%
64. Olivia Rodrigo - good 4 u Pop Rock 14-05-2021 2,301,460,000
11%
47. Twenty One Pilots - Stressed Out Pop Rap 28-04-2015 2,471,970,000
11%
71. XXXTENTACION - Jocelyn Flores Lo-Fi Hip Hop 31-10-2017 2,281,580,000
11%
58. Arctic Monkeys - Do I Wanna Know? Indie Rock 19-06-2013 2,367,810,000
9%
67. Bruno Mars - Locked Out of Heaven Reggae Rock 01-10-2012 2,296,770,000
9%
62. Bruno Mars - That's What I Like New Jack Swing 30-01-2017 2,310,590,000
9%
48. Coldplay - Viva La Vida Baroque Pop + Chamber Pop 07-05-2015 2,420,630,000
9%
23. Dua Lipa - Don't Start Now Nu-Disco 31-12-2019 2,774,920,000
9%
22. Hozier - Take Me to Church Pop Soul + Gospel Pop 13-09-2013 2,779,090,000
9%
38. Lady Gaga & Bradley Cooper - Shallow Contemporary Country 27-09-2018 2,598,950,000
9%
3. Lewis Capaldi - Someone You Loved Adult Contemporary 08-11-2018 3,679,110,000
9%
32. Macklemore & Ryan Lewis - Can't Hold Us (feat. Ray Dalton) Pop Rap 16-08-2011 2,624,300,000
9%
89. Queen - Don't Stop Me Now Piano Rock 26-01-1979 2,151,480,000
9%
19. The Chainsmokers & Coldplay - Something Just Like This Future Bass 22-02-2017 2,874,220,000
9%
94. Adele - Someone Like You Singer-Songwriter + Pop Soul 24-01-2011 2,115,190,000
7%
90. a-ha - Take on Me Synthpop 19-10-1984 2,134,750,000
7%
95. Coldplay - The Scientist Piano Rock 11-11-2002 2,095,530,000
7%
26. Ed Sheeran - Photograph Folk Pop 11-05-2015 2,698,780,000
7%
34. Ed Sheeran - Thinking Out Loud Pop Soul 08-08-2014 2,617,530,000
7%
96. Eminem - 'Till I Collapse Hardcore Hip Hop 26-05-2002 2,093,110,000
7%
41. Lord Huron - The Night We Met Folk Rock 24-04-2017 2,545,460,000
7%
17. The Chainsmokers - Closer (feat. Halsey) Future Bass 29-07-2016 3,040,600,000
7%
21. Vance Joy - Riptide Folk Pop 21-05-2013 2,825,800,000
7%
55. Bruno Mars - When I Was Your Man Pop Soul 15-01-2013 2,377,780,000
5%
76. Major Lazer & DJ Snake - Lean On (feat. MØ) Moombahton 02-03-2015 2,221,760,000
5%
72. Marshmello - Happier (feat. Bastille) EDM Pop + Future Trap 16-08-2018 2,271,360,000
5%
85. Oasis - Wonderwall Britpop 30-10-1995 2,170,290,000
5%
51. Passenger - Let Her Go Folk Pop 24-07-2012 2,393,160,000
5%
99. Post Malone - Congratulations Pop Rap + Contemporary R&B 31-01-2017 2,071,540,000
5%
70. The Police - Every Breath You Take New Wave 20-05-1983 2,293,700,000
5%
69. DJ Snake - Let Me Love You (feat. Justin Bieber) Dancehall Pop + Tropical House 05-08-2016 2,295,910,000
4%
68. French Montana - Unforgettable (feat. Swae Lee) Dancehall 07-04-2017 2,296,400,000
4%
97. Lil Nas X - INDUSTRY BABY (feat. Jack Harlow) Pop Rap + Southern Hip Hop 23-07-2021 2,089,490,000
4%
84. Sam Smith - Stay With Me Pop Soul 14-04-2014 2,180,170,000
4%
77. Shawn Mendes - There's Nothing Holdin' Me Back Pop Rock 20-04-2017 2,219,780,000
4%
60. Shawn Mendes - Treat You Better Pop 03-06-2016 2,324,190,000
4%
24. Tom Odell - Another Love Singer-Songwriter 15-12-2012 2,748,530,000
4%
98. Bad Bunny & Jhayco - DÁKITI Reggaeton 30-10-2020 2,086,230,000
2%
16. James Arthur - Say You Won't Let Go Pop Soul 09-09-2016 3,063,780,000
2%
42. John Legend - All of Me Adult Contemporary + Piano Ballad 12-08-2013 2,533,580,000
2%
87. Journey - Don't Stop Believin' Adult Oriented Rock 19-10-1981 2,169,340,000
2%
53. The Killers - Mr. Brightside Post-Punk Revival 29-09-2003 2,390,250,000
2%
83. Sam Smith - Too Good At Goodbyes Contemporary R&B 08-09-2017 2,186,780,000
0%
Nie znaleziono quizów pasujących do podanych kryteriów
Rozkład punktacji
Procent ludzi z każdym wynikiem
Percentyl według liczby udzielonych odpowiedzi
Twoja historia wyników
Nie rozwiązałeś tego quizu